| 000 | 01006nam a22002897a 4500 | ||
|---|---|---|---|
| 003 | DO-SdBNP | ||
| 005 | 20180216142759.0 | ||
| 008 | 160718 1989 sp a spa d | ||
| 020 | _a8434816814 | ||
| 040 |
_aBPMSU _bspa _cBPMSU |
||
| 082 | 0 | 4 |
_axxxxxx _bxxxxxx |
| 100 | 1 | _aRuano, Moisés | |
| 245 | 1 | 3 |
_aEl caballo fantástico / _cMoisés Ruano ; ilustraciones Alfonso Ruano |
| 250 | _a4a. ed. | ||
| 260 |
_aMadrid : _bSM, _c1989. |
||
| 300 |
_a[34] p. : _bil. ; _c30 cm. |
||
| 490 | 0 |
_aCuentos de la torre y la estrella _v18 |
|
| 586 | _aMención de honor en el XI premio europeo de Literatura Juvenil "Pier Paolo Vergerio". | ||
| 586 | _aPremio Lazarillo de ilustración, 1984. | ||
| 586 | _aDiploma de honor de la feria internacional de Leipzig, 1986. | ||
| 586 | _aPremio nacional de Ilustración, 1986. | ||
| 700 | 1 | 2 |
_aRuano, Alfonso _eil. |
| 830 | 0 |
_aCuentos de la torre y la estrella _n18 |
|
| 942 |
_2ddc _cBK |
||
| 945 | _aInventariado, 2018 / BT | ||
| 956 |
_2YLOCKWARD _310 _8BPMSU _a00144 |
||
| 999 |
_c12508 _d12508 |
||